000 01559nam a2200445 a 4500
001 dia_122
003 CHAP
005 20231109182458.0
007 ta
008 220117s1978 nyuad fr 001 0 spa d
010 _a170554
020 _a0-471-09315-7
040 _cCHAP
_amxchpua
050 1 _aQA279
_b.B69 1978
082 _a003
_bB69 1978
_220
100 1 _aBox, George E. P.
_914854
_eautor
245 1 0 _aStatistics for experimenters :
_ban introduction to design, data analisys, and model building /
_cGeorge E.P. Box, William G. Hunter y J. Stuart Hunter
250 _a1a edición
264 _aNew York, U.S.A. :
_bJohn Wiley & Sons,
_c1978
300 _axviii, 653 páginas :
_bilustraciones, gráficas, tablas
336 _2rdacontent
_atexto
_btxt
337 _2rdamedia
_asin medio
_bn
338 _2rdacarrier
_avolumen
_bnc
490 1 _aWiley series in probability and mathematical statistics
504 _aIncluye bibliografías
650 1 0 _aAnálisis de varianza
_95977
650 1 0 _aDiseño experimental
_9147259
650 1 0 _aEstadística matemática
_938261
650 1 0 _aAnalysis of variance
_9147258
650 1 0 _aExperimental design
_9147260
650 1 0 _aStatistics
_9144311
700 1 _aHunter, J. Stuart
_956941
_eautor
700 1 _aHunter, William G.
_956952
_eautor
830 _9121943
_aWiley series in probability and mathematical statistics
901 _a003 B69 1978
902 _aM
905 _a5232271978 -usmn 8222223322eng16
942 _2ddc
942 _cLIBRO
999 _c170554
_d170554